|
|
|
|
| LEADER |
00602 a2200169 4500 |
| 008 |
150103s9999 000 0 eng |
| 020 |
|
|
|a 9382808051
|
| 082 |
|
|
|a 852.03
|
| 100 |
|
|
|a Peethambaran, Vattapparambil.
|
| 245 |
|
|
|a Malayala nataka vijnanakosam /
|
| 260 |
|
|
|a Thiruvananthapuram:
|b Chintha Publishers,
|c c2012.
|
| 300 |
|
|
|a 544 p.
|
| 650 |
|
|
|a Malayalam drama
|
| 653 |
|
|
|a Encyclopadeia
|
| 942 |
|
|
|c BK
|
| 999 |
|
|
|c 308035
|d 308035
|
| 952 |
|
|
|0 0
|1 0
|2 ddc
|4 0
|6 M_852_030000000000000_PEE_MA
|7 0
|9 353530
|a DRA
|b DRA
|c ST1
|d 2016-06-18
|i 9456
|l 7
|o M 852.03 PEE/MA
|p DRA9456
|r 2019-06-25
|s 2019-02-01
|v 400.00
|w 2016-06-18
|y BK
|